Leicester City Ideal Starting 11 - Statistics

General Stats
  • This quiz has been taken 62 times
    52 since last reset
  • The average score is 6 of 11
Answer Stats
Position Player % Correct
ST Vardy
96%
GK Schmeichel
84%
RW Mahrez
80%
CB Morgan
80%
LB Fuchs
69%
RB Simpson
58%
ST Okazaki
56%
CB Maguire
49%
CM Iborra
18%
LW Musa
9%
CM James
7%
No matching quizzes found
Score Distribution
Percent of People with Each Score
Percentile by Number Answered
Your Score History
You have not taken this quiz since the last reset